A Wavelet Tour of Signal Processing: The Sparse Way /

Gespeichert in:
Bibliographische Detailangaben
1. Verfasser: Mallat, Stéphane (Verfasst von)
Format: Buch
Sprache:Englisch
Veröffentlicht: Burlington: Elsevier Academic Press, 2009
Schlagworte:
Tags: Tag hinzufügen
Keine Tags, Fügen Sie das erste Tag hinzu!

MARC

LEADER 00000nam a22000003a 4500
001 0108212
003 SK-STU
005 20240131135131.2
007 ta
008 240131s ----xo-----e------000-0-----d
020 |a 978-0-12-374370-1 
040 |a STU  |b slo 
041 0 |a eng  |h eng 
044 |a xxu 
100 1 |a Mallat, Stéphane  |4 aut 
245 1 0 |a A Wavelet Tour of Signal Processing:  |b The Sparse Way /  |c aut. Stéphane Mallat 
260 |a Burlington:  |b Elsevier Academic Press,  |c 2009 
300 |a 805 s. 
650 0 7 |a Lipschitz systems 
650 0 7 |a wavelet 
650 0 7 |a inverse solution 
996 |c V* 53581/O-24741  |l VV14  |s P  |a 0  |w 0108212_0001